000 00710nam a2200265Ia 4500
003 OSt
005 20220926012121.0
006 a|||||r|||| 00| 0
007 ta
008 220923b |||||||| |||| 00| 0 eng d
020 _a0465072372
037 _cGeneral Book
040 _aRTL
_cRTL
_beng
041 _2eng
_aeng
082 _aY5, L7
100 _aHawkins David
_981388
245 0 _aScience and ethics of equality
260 _aNew York
_bBasic Books
_c1977
300 _a122p
_ccm.
490 _aJohn Dewey Society Lecture.16
500 _aIndex120-122
650 _aSocial Stratification
_9229881
942 _hY5, L7
_cGB
_2CC
999 _c621747
_d621747